Music Quiz

Random Music or Song Quiz

Lyrics to Song Quiz Stats

Quiz not verified by Sporcle

Also try: Multiple Bands II
Challenge
Share
Tweet
Embed
Score 0/29 Timer 10:00
0 Plays Today
Lyrics Song % Correct
It kills me not to know this, but I've all but just forgotten what the color of her eyes were and her scars or how she got themSavior
75%
Remember when I tried I'd never strayed too far from you Forever by your side No matter what I was going throughAll Signs Point to Lauderdale
50%
I waited eight long months, She finally set him free.Misery Business
50%
Cause the colors are always changing So stare up through the clouds And at least you know you're always looking upThe Space Between
50%
Now I'm sorry, I'm sorry, I'm not sure Getting off my chest the story endsSeven Years
50%
There's a piece of you that's here with me It's everywhere I go, it's everything I seeOcean Avenue
50%
One more nail in the coffin, one more foot in the grave One more time I'm on my knees and I'm trying to walk away How has it come to thisIt Never Ends
50%
Where is your boy tonight? I hope he is a gentlemanGrand Theft Autumn
50%
What's the worst that I can say? Things are better if I stay So long and goodnight So long and goodnight Helena
50%
Lie in the grass, next to the mausoleum I'm just a notch in your bedpost But you're just a line in a songSugar We're Going Down
50%
Peace It All together now, because i sell myself short everytimeA Toast to the Future Kids
37.5%
Sail with me into the setting sun The battle has been won, but war has just begunRum Is For Drinking Not Burning
37.5%
Shake it off. Pick yourself up, they say. Your life fell apart in your hands, and you’ve got the scars to prove it.Composure
37.5%
The writings on the wall, you've read that I'll be gone, but if you call my nameYou Should Have Killed Me When You Had the Chance
37.5%
All glory to the one in existence. Bring upon your name, your grace, your everything. Assistant to the Regional Manager
37.5%
Lyrics Song % Correct
If dying is your way out, then count me in, I'm cominMr. Owl Ate My Metal Worm
37.5%
Sad enough to say that alone i could barely light a match, but together we can burn this place downHeroes Get Remembered Legends Never die
37.5%
To a chair we see your breath in the air (breath in the air) but only for a little while Your cold pale skin and tainted purple lips Let me embrace you with this kissThe Words Best Friend Become Redefined
37.5%
Ocala is calling and you know it's haunting But compared to your eyes, nothing shines quite as bright And when we look to the sky, its not mine, but i want it soMiserable At Best
37.5%
Run from your problems but you can't run from yourself. You'll take this back. YDG
25%
This is not what we were made for. Far from the compassion we have known. Far from the love that we have shown. He tells me that love will endure all things.Dreams
25%
I can't get started from the part where i left off, yesterday!Get Out
25%
How can you sit there in your room like a caged up refugee?Mount Saint Joseph
25%
Goodbye We're facing the same day over and over You're repeating yourself and it's boring me to tearsThe Same Thing We Do Everyday Pinky
25%
It starts again, can you feel it? It takes your breath away Stop saying that we're invincible (It's round and around) You're uninviting, unrewarding And I'm misinforming you, misinReinventing Your Exit
25%
But only because we lost touch with this home that we've spent Trillions of dollars tainting for our wants and not our needs And now we're growing tired of planting bleary-eyed seeJuggernauts
25%
Sit down, call off the cavalry I'm stealing the jewels In a slow motion action replay Bar fight, I invented chivalry Notch in my bed post Slow motion action replay The Backwards Pumpkin Song
25%
String from your tether unwinds. (string from your tether unwinds, uh oh, uh oh) Up and outward to bind (Up and outward to bind, uh oh, uh oh) I was spinning free (Whoa,oh,oh,oh,ohSweetness
0%
I mean cm'on, man, is that the life you want? There tearing up these dead-end blocks, revealing all the **** we wish we forgot in the shadow of this careless urban sprawl.You're Not Salinger, Get Over It
0%

You're not logged in!

Compare scores with friends on all Sporcle quizzes.
Sign Up with Email
OR
Log In

You Might Also Like...

Show Comments

Extras

Top Quizzes Today


Score Distribution

Your Account Isn't Verified!

In order to create a playlist on Sporcle, you need to verify the email address you used during registration. Go to your Sporcle Settings to finish the process.

Report this User

Report this user for behavior that violates our Community Guidelines.

Details: